| 000 | 01194nam a22002417a 4500 | ||
|---|---|---|---|
| 008 | 081007t xxu||||| |||| 00| 0 mar | ||
| 010 | _aMAR-19955 | ||
| 020 |
_c200.00 _a9788190734493 |
||
| 035 | _aMR-12613 | ||
| 037 | _aD.B.Act /pub | ||
| 082 | _a823 | ||
| 100 | _aबासू, श्राबनी | ||
| 245 |
_aस्पाय प्रिन्सेस / _cश्राबनी बासू ; भारती पांडे द्वारा अनुदित |
||
| 246 |
_aSpy Princess _bby Sharabani Basu |
||
| 260 |
_aपुणे _bमेहता पब्लिशिंग हाऊस _c2008 |
||
| 270 |
_a1941, सदाशिव पेठ _bपुणे _e411030 _k020-24476924 |
||
| 300 |
_aसोळा,245 पृ _c22सेमी (अजिल्द) |
||
| 650 | _aअंग्रेजी कादंबरी | ||
| 650 |
_aEnglish Novel _xEnlish Fiction-Translation into Marathi |
||
| 650 | _vIndividualism | ||
| 942 |
_2ddc _cMR _h823 _mबासुश्रा |
||
| 999 |
_c19105 _d19105 |
||